000 00191nam a2200097 4500
082 0 _a374.014
245 1 1 _aTeacher education programme
260 _cc.1996
300 _aBk1-
942 _2ddc
_cBK
999 _c64413
_d64387